Serie A players 2004/05 - Statistics

General Stats
  • This quiz has been taken 9 times
  • The average score is 382 of 532
Answer Stats
Rank Player Positions Nationality Matches Goals Assists Clubs % Correct
123 Adriano FW 30 16 1
100%
379 Adriano DF 10 2 0
100%
429 Alberto Fontana GK 5 0 0
100%
1 Alberto Gilardino FW 38 23 3
100%
338 Alessandro Costacurta DF 14 0 0
100%
124 Alessandro Del Piero MF, FW 30 14 4
100%
217 Alessandro Doga MF 24 2 1
100%
184 Alessandro Lucarelli DF 27 4 0
100%
144 Alessandro Nesta DF 29 0 1
100%
185 Alessandro Parisi DF 27 6 6
100%
309 Alex Calderoni GK 17 0 0
100%
197 Alexei Eremenko MF, FW 26 0 1
100%
288 Alex Manninger GK 19 0 0
100%
96 Alex Pinardi MF 32 3 5
100%
5 Andrea Barzagli DF 37 0 0
100%
57 Andrea Caracciolo FW 34 12 1
100%
495 Andrea Esposito DF 1 0 0
100%
289 Andrea Gasbarroni MF, FW 19 2 1
100%
125 Andrea Pirlo MF 30 4 6
100%
250 Andrea Zanchetta MF 22 1 2
100%
146 Andriy Shevchenko FW 29 17 6
100%
365 Angelo Di Livio DF, MF 12 0 0
100%
6 Angelo Palombo MF 37 0 0
100%
263 Angelo Peruzzi GK 21 0 0
100%
106 Antonio Cassano FW 31 9 8
100%
468 Antonio Chimenti GK 2 0 0
100%
74 Antonio Di Natale FW 33 7 6
100%
107 Antonio Langella MF, FW 31 6 6
100%
148 Arturo Di Napoli FW 29 9 1
100%
328 Babù MF, FW 15 3 3
100%
75 Cafú DF 33 1 2
100%
381 Carlo Zotti GK 10 0 0
100%
58 Carmine Coppola MF 34 1 1
100%
431 César Cervo Luca DF 5 1 0
100%
109 Cesare Bovo DF 31 2 2
100%
59 Cesare Natali DF 34 1 2
100%
452 Christian Abbiati GK 3 0 0
100%
329 Christian Manfredini MF 15 1 0
100%
76 Christian Obodo MF 33 2 3
100%
198 Christian Panucci DF 26 0 2
100%
298 Christian Riganò FW 18 4 2
100%
186 Christian Vieri FW 27 13 1
100%
441 Ciro Ferrara DF 4 0 0
100%
97 Clarence Seedorf MF 32 5 2
100%
60 Claudio Bellucci FW 34 10 5
100%
77 Cristian Ledesma MF 33 0 6
100%
35 Cristiano Lucarelli FW 35 24 4
100%
126 Cristiano Lupatelli GK 30 0 0
100%
237 Cristiano Zanetti MF 23 0 1
100%
33 Cristian Zaccardo DF 35 2 1
100%
403 Daniele Berretta MF 8 0 0
100%
150 Daniele Conti MF 29 1 2
100%
128 Dario Dainelli DF 30 4 0
100%
152 David Balleri DF 29 0 3
100%
7 David Di Michele FW 37 15 2
100%
341 Davide Chiumiento MF 14 1 1
100%
366 Davide Sinigaglia FW 12 1 0
100%
61 David Pizarro MF 34 2 4
100%
253 David Suazo FW 22 7 1
100%
300 David Trezeguet FW 18 9 0
100%
112 Dejan Stanković MF 31 3 6
100%
342 Demetrio Albertini MF, FW 14 1 1
100%
17 Dida GK 36 0 0
100%
218 Dino Fava FW 24 2 0
100%
199 Domenico Giampà MF 26 3 1
100%
113 Domenico Morfeo MF, FW 31 8 12
100%
331 Édgar Álvarez DF, MF 15 1 1
100%
79 Emerson MF 33 2 2
100%
38 Emiliano Bonazzoli FW 35 8 3
100%
420 Emmanuel Osei DF 6 0 0
100%
291 Emre Belözoğlu MF 19 0 1
100%
18 Enrico Chiesa FW 36 11 10
100%
239 Enrico Fantini FW 23 0 4
100%
210 Enzo Maresca MF 25 4 1
100%
39 Erminio Rullo DF 35 1 2
100%
356 Ernesto Farías FW 13 0 1
100%
129 Esteban Cambiasso MF 30 2 2
100%
453 Esteban González MF 3 0 0
100%
40 Eugenio Corini MF 35 0 7
100%
443 Fabián Carini GK 4 0 0
100%
153 Fabio Bazzani FW 29 5 0
100%
2 Fabio Cannavaro DF 38 2 0
100%
19 Fabio Grosso DF, MF 36 1 1
100%
219 Fabio Liverani MF 24 1 5
100%
80 Fábio Simplício MF 33 1 1
100%
41 Fabrizio Miccoli FW 35 12 4
100%
421 Fernando Menegazzo MF 6 0 0
100%
376 Filippo Inzaghi FW 11 0 0
100%
98 Francesco Bega DF 32 0 0
100%
280 Francesco Colonnese DF 20 0 0
100%
386 Francesco Cozza MF 10 1 0
100%
42 Francesco Flachi FW 35 14 5
100%
393 Francesco Ruopolo FW 9 0 0
100%
130 Francesco Toldo GK 30 0 0
100%
154 Francesco Totti MF, FW 29 12 10
100%
81 Franco Brienza MF, FW 33 10 3
100%
82 Gaetano De Rosa DF 33 3 1
100%
456 Gaetano Fontana MF 3 0 0
100%
83 Gennaro Gattuso MF 33 0 3
100%
255 Gennaro Ruotolo MF 22 0 3
100%
200 Giampaolo Pazzini FW 26 6 0
100%
377 Gianluca Curci GK 11 0 0
100%
3 Gianluca Pagliuca GK 38 0 0
100%
20 Gianluca Zambrotta DF 36 0 0
100%
9 Gianluigi Buffon GK 37 0 0
100%
10 Giorgio Chiellini DF 37 3 1
100%
367 Giorgos Karagounis MF 12 0 1
100%
344 Giulio Migliaccio DF, MF 14 0 0
100%
333 Giuseppe Cardone DF 15 0 1
100%
201 Giuseppe Favalli DF 26 0 1
100%
212 Goran Pandev MF, FW 25 3 2
100%
62 Guillermo Giacomazzi MF 34 5 10
100%
173 Hernán Crespo FW 28 11 2
100%
281 Hidetoshi Nakata MF 20 0 3
100%
202 Igli Tare FW 26 5 1
100%
190 Igor Budan FW 27 5 1
100%
191 Igor Protti FW 27 6 2
100%
314 Igor Tudor DF 17 1 1
100%
117 Iván Córdoba DF 31 3 1
100%
378 Javier Portillo FW 11 1 1
100%
45 Javier Zanetti DF, MF 35 0 1
100%
396 Johan Vonlanthen MF, FW 9 0 0
100%
223 Jonathan Zebina DF 24 0 2
100%
133 Jon Dahl Tomasson MF, FW 30 6 2
100%
257 Jorge Bolaño MF 22 0 1
100%
158 José Luís Vidigal MF 29 3 2
100%
513 José Mamede MF 1 0 0
100%
225 Juan Sebastián Verón MF 24 3 2
100%
64 Juriy Cannarsa DF 34 0 0
100%
22 Kaká MF, FW 36 7 13
100%
293 Kakha Kaladze DF, MF 19 2 1
100%
360 Kewullay Conteh DF 13 0 0
100%
345 Kily González MF, FW 14 0 0
100%
86 Leandro Cufré DF 33 0 1
100%
368 Leonardo Talamonti DF 12 1 0
100%
11 Lilian Thuram DF 37 0 1
100%
65 Lorenzo D'Anna DF 34 1 2
100%
12 Lorenzo Stovini DF 37 0 0
100%
4 Luca Castellazzi GK 38 0 0
100%
13 Luca Marchegiani GK 37 0 0
100%
46 Luca Toni FW 35 20 5
100%
67 Luigi Di Biagio MF 34 9 3
100%
68 Mancini MF, FW 34 4 5
100%
268 Manuel Belleri DF 21 0 0
100%
226 Marcello Castellini DF 24 1 0
100%
174 Marcelo Zalayeta FW 28 6 5
100%
387 Marc Nygaard FW 10 0 0
100%
118 Marco Amelia GK 31 0 0
100%
294 Marco Fortin GK 19 0 0
100%
227 Marco Marchionni MF 24 4 3
100%
204 Marco Materazzi DF 26 0 1
100%
176 Marco Storari GK 28 0 0
100%
434 Marco Zambelli DF, MF 5 0 0
100%
177 Marco Zamboni DF 28 2 0
100%
162 Marco Zanchi DF 29 0 1
100%
136 Marco Zoro DF 30 0 1
100%
203 Marc Pfertzel DF, MF 26 0 1
100%
100 Marek Jankulovski DF, MF 32 4 7
100%
284 Mariano González MF 20 2 0
100%
137 Mario Santana MF 30 3 3
100%
88 Marius Stankevičius DF, MF 33 3 3
100%
69 Mark Bresciano MF 34 3 4
100%
317 Markus Schopp MF 17 1 1
100%
138 Martin Jørgensen MF 30 3 3
100%
522 Massimiliano Marsili MF 1 0 0
100%
259 Massimo Ambrosini MF 22 1 1
100%
243 Massimo Mutarelli MF 23 1 1
100%
47 Massimo Oddo DF 35 4 4
100%
260 Massimo Taibi GK 22 0 0
100%
163 Matteo Contini DF 29 0 1
100%
49 Matteo Ferrari DF 35 0 2
100%
229 Matteo Melara DF 24 1 0
100%
25 Mauro Camoranesi MF 36 4 12
100%
71 Mauro Esposito MF, FW 34 16 3
100%
408 Mido FW 8 0 2
100%
436 Mirko Conte DF 5 0 0
100%
178 Mirko Vučinić FW 28 19 1
100%
324 Mourad Meghni MF 16 3 0
100%
51 Mozart MF 35 2 1
100%
139 Nelson Abeijón MF 30 4 0
100%
270 Nicola Amoruso FW 21 5 1
100%
409 Nicolás Burdisso DF 8 0 0
100%
119 Obafemi Martins FW 31 11 5
100%
245 Olivier Dacourt MF 23 0 1
100%
362 Olivier Kapo MF, FW 13 0 2
100%
179 Paolo Cannavaro DF 28 1 1
100%
246 Paolo Di Canio FW 23 6 2
100%
90 Paolo Maldini DF 33 0 1
100%
438 Paolo Montero DF 5 0 0
100%
447 Paolo Negro DF 4 0 0
100%
336 Paolo Sammarco MF 15 0 1
100%
213 Per Krøldrup DF 25 0 1
100%
180 Philippe Mexès DF 28 0 0
100%
230 Rafael da Silva DF 24 1 1
100%
410 Renato Olive MF 8 0 0
100%
526 Ricardo Verón MF 1 0 0
100%
527 Riccardo Meggiorini FW 1 0 0
100%
101 Riccardo Montolivo MF 32 3 0
100%
181 Riccardo Zampagna FW 28 12 3
100%
140 Roberto Maltagliati DF 30 0 1
100%
271 Roberto Sensini DF 21 1 0
100%
272 Rodrigo Taddei DF, FW 21 3 2
100%
214 Rolando Bianchi FW 25 2 4
100%
529 Romano Perticone DF 1 0 0
100%
304 Rubén Olivera MF 18 4 2
100%
232 Rui Costa MF 24 1 2
100%
52 Salvatore Lanna DF 35 0 1
100%
305 Salvatore Soviero GK 18 0 0
100%
306 Salvatore Sullo MF 18 2 2
100%
28 Samuele Dalla Bona MF 36 5 3
100%
261 Saša Bjelanović FW 22 5 2
100%
273 Serginho DF, MF 21 5 1
100%
91 Sergio Pellissier FW 33 7 2
100%
92 Shunsuke Nakamura MF 33 2 5
100%
53 Simone Barone MF 35 2 2
100%
207 Simone Dallamano DF 26 0 1
100%
274 Simone Del Nero DF, FW 21 1 0
100%
319 Simone Inzaghi FW 17 1 0
100%
286 Simone Loria DF 20 1 0
100%
142 Simone Perrotta MF 30 3 0
100%
275 Simone Tiribocchi FW 21 5 0
100%
15 Simone Vergassola MF 37 6 2
100%
296 Siniša Mihajlović DF 19 4 6
100%
93 Souleymane Diamoutene DF 33 1 0
100%
349 Stefano Sacchetti DF 14 1 1
100%
307 Stephen Appiah MF 18 2 0
100%
320 Stephen Makinwa FW 17 6 3
100%
94 Sulley Muntari MF 33 2 0
100%
102 Theodoros Zagorakis MF 32 0 3
100%
183 Tomáš Ujfaluši DF 28 0 1
100%
54 Tommaso Rocchi MF, FW 35 13 1
100%
167 Tore André Flo FW 29 5 1
100%
168 Valeri Bojinov FW 29 13 0
100%
55 Valerio Bertotto DF 35 0 1
100%
373 Vikash Dhorasoo MF 12 0 0
100%
249 Vince Grella MF 23 0 0
100%
122 Vincenzo Iaquinta FW 31 13 6
100%
16 Vincenzo Montella FW 37 21 4
100%
104 Vitali Kutuzov FW 32 4 2
100%
73 William Viali DF 34 0 1
100%
262 Zé Maria DF 22 1 4
100%
56 Zlatan Ibrahimović FW 35 16 5
100%
450 Abel Xavier DF 3 0 0
75%
95 Aimo Diana DF, MF 32 5 3
75%
143 Alberto Aquilani MF 29 0 0
75%
31 Alessandro Agostini DF 35 0 2
75%
363 Alessandro Birindelli DF 12 0 0
75%
491 Alessandro Camisa DF 1 0 0
75%
492 Alessandro Evangelisti MF 1 0 0
75%
466 Alessandro Gambadori MF 2 0 0
75%
169 Alessandro Gamberini DF 28 0 0
75%
322 Alessio Tacchinardi MF 16 0 2
75%
350 Álvaro Recoba MF, FW 13 3 5
75%
234 Amauri FW 23 2 1
75%
430 Andrea Ardito MF 5 0 0
75%
277 Andrea Giallombardo DF 20 0 2
75%
310 Andrea Pisanu MF, FW 17 1 3
75%
297 Andy van der Meyde MF, FW 18 0 3
75%
311 Ângelo DF, MF 17 0 0
75%
312 Anthony Šerić DF 17 0 0
75%
147 Antonino Bernardini MF 29 1 4
75%
32 Antonio Filippini DF, MF 35 2 4
75%
251 Atsushi Yanagisawa FW 22 0 1
75%
278 Axel Cédric Konan FW 20 6 0
75%
390 Biagio Pagano MF 9 1 0
75%
264 Carlo Nervo MF 21 0 1
75%
451 Carlos Gamarra DF 3 0 0
75%
149 Carlos Paredes MF 29 5 0
75%
279 César DF, MF 20 3 2
75%
352 Christian Maggio DF, MF 13 1 1
75%
498 Claudio Pani MF 1 0 0
75%
110 Claudio Rivalta DF 31 0 0
75%
375 Cristian Brocchi MF 11 0 1
75%
382 Cristian Chivu DF 10 2 0
75%
252 Cristiano Doni MF 22 1 1
75%
354 Daniele Corvia FW 13 0 1
75%
469 Daniele Degano FW 2 0 0
75%
127 Daniele De Rossi DF, MF 30 2 1
75%
170 Dario Passoni MF 28 1 3
75%
471 Dario Šimić DF 2 0 0
75%
385 Dimitrios Eleftheropoulos GK 10 0 0
75%
171 Emanuele Filippini MF 28 0 3
75%
502 Emanuele Pesaresi DF 1 0 0
75%
405 Emílson Cribari DF 8 0 1
75%
313 Fabio Petruzzi DF 17 2 0
75%
504 Fabricio Coloccini DF, MF 1 0 0
75%
357 Fabrizio Zambrella MF 13 0 0
75%
332 Fanis Katergiannakis GK 15 0 0
75%
114 Fausto Rossini FW 31 2 3
75%
505 Federico Agliardi GK 1 0 0
75%
241 Federico Giunti MF 23 2 1
75%
115 Felipe dal Belo DF 31 0 1
75%
221 Fernando Couto DF 24 3 0
75%
43 Franco Semioli MF 35 5 4
75%
266 Gaetano D'Agostino MF 21 2 5
75%
254 Gennaro Iezzo GK 22 0 0
75%
131 Giampiero Pinzi MF 30 1 1
75%
44 Giandomenico Mesto DF, MF 35 1 2
75%
116 Gianfranco Zola FW 31 9 7
75%
507 Gianluca Berti GK 1 0 0
75%
292 Gianluca Pessotto DF, MF 19 0 0
75%
477 Gianni Guigou MF 2 0 0
75%
85 Gilberto Martínez DF 33 1 1
75%
189 Giulio Falcone DF 27 0 0
75%
156 Giuseppe Biava DF 29 0 0
75%
301 Giuseppe Pancaro DF 18 1 0
75%
172 Giuseppe Sculli MF, FW 28 0 1
75%
394 Giuseppe Scurto DF 9 0 0
75%
395 Ibrahima Camara DF, MF 9 0 0
75%
315 Ivan Pelizzoli GK 17 0 0
75%
157 Ivica Iliev MF, FW 29 1 2
75%
316 Jaap Stam DF 17 0 0
75%
282 Jaime Valdés MF, FW 20 1 2
75%
224 Jorge Francisco Vargas DF 24 0 1
75%
134 Juárez DF 30 0 0
75%
302 Julio Ricardo Cruz FW 18 5 3
75%
192 Lamberto Zauli MF 27 4 4
75%
516 Lino Marzorati DF 1 0 0
75%
482 Luca Bucci GK 2 0 0
75%
283 Luciano MF 20 0 2
75%
267 Luciano Zauri DF 21 0 1
75%
445 Luigi Della Rocca FW 4 1 0
75%
415 Luigi Dipasquale FW 7 1 0
75%
160 Luigi Sala DF 29 3 0
75%
87 Luis Diego López DF 33 1 0
75%
161 Marco Borriello FW 29 2 1
75%
23 Marco Cassetti DF, MF 36 4 7
75%
295 Marco Motta DF 19 0 1
75%
269 Mark Edusei MF 21 1 0
75%
435 Matías Almeyda DF, MF 5 0 1
75%
285 Matteo Sereni GK 20 0 0
75%
26 Morgan De Sanctis GK 36 0 0
75%
401 Natale Gonnella DF 9 0 1
75%
244 Nicola Pavarini GK 23 0 0
75%
120 Omar Milanetto MF 31 1 3
75%
348 Óscar López DF 14 0 1
75%
165 Ousmane Dabo MF 29 1 0
75%
195 Pavel Nedvěd MF 27 7 6
75%
389 Piá MF, FW 10 0 1
75%
325 Pierre Womé DF 16 3 2
75%
461 Raffaele Ametrano MF 3 0 0
75%
27 Rahman Rezaei DF 36 0 1
75%
303 Roberto D'Aversa MF 18 0 4
75%
528 Roberto Delgado FW 1 0 0
75%
463 Samir Handanović GK 3 0 0
75%
427 Sebastián Cejas GK 6 0 0
75%
182 Sebastiano Siviglia DF 28 2 1
75%
29 Sébastien Frey GK 36 0 0
75%
72 Sergio Volpi MF 34 2 3
75%
233 Stefano Argilli MF 24 3 0
75%
247 Stefano Morrone MF 23 0 1
75%
321 Tomas Danilevičius FW 17 2 2
75%
440 Tonino Sorrentino FW 5 1 0
75%
287 Traianos Dellas DF 20 1 0
75%
327 Valentin Năstase DF 16 0 1
75%
428 Valerio Virga MF 6 0 0
75%
248 Víctor Hugo Mareco DF 23 1 0
75%
412 Vincent Candela DF, MF 8 0 1
75%
30 Vincenzo Sicignano GK 36 0 0
75%
449 Abderrazzak Jadid MF, FW 3 0 0
50%
489 Adrian Mutu MF, FW 1 0 0
50%
308 Alberto Valentim DF, MF 17 0 1
50%
490 Aleandro Rosi DF, MF 1 0 0
50%
216 Alessandro Budel MF 24 0 3
50%
208 Alessandro Grandoni DF 25 0 0
50%
467 Alessio Cerci MF, FW 2 0 0
50%
497 Antonio Rosati GK 1 0 0
50%
108 Bruno Cirillo DF 31 0 0
50%
351 Carmine Gautieri MF, FW 13 2 0
50%
235 Christian Amoroso MF 23 2 0
50%
299 Ciro Capuano DF 18 0 2
50%
442 Claudio De Sousa FW 4 1 0
50%
290 Corrado Colombo FW 19 3 2
50%
419 Cristian Silvestri DF 6 0 0
50%
383 Damiano Ferronetti DF, MF 10 0 0
50%
353 Daniele Adani DF 13 0 0
50%
355 Daniele Daino DF 13 0 0
50%
470 Daniele Dessena MF 2 0 0
50%
238 Daniele Di Donato MF 23 0 1
50%
111 Daniele Franceschini MF 31 0 3
50%
151 Daniele Mannini MF 29 3 1
50%
384 Davide Dionigi MF 10 0 0
50%
37 Davide Mandelli DF 35 3 0
50%
187 Davide Zoboli DF 27 1 0
50%
343 Edgar Davids MF 14 0 0
50%
211 Fabio Galante DF 25 0 0
50%
188 Fabio Moro DF 27 0 1
50%
240 Fabio Pecchia MF 23 2 2
50%
454 Fabrizio Casazza GK 3 0 0
50%
358 Filippo Cristante DF 13 1 0
50%
8 Francesco Antonioli GK 37 0 0
50%
455 Francesco Coco DF 3 0 0
50%
359 Francesco Pisano DF 13 0 0
50%
256 Giacomo Cipriani FW 22 3 1
50%
222 Gianluca Falsini DF 24 0 0
50%
413 Gianmatteo Mareggini GK 7 0 0
50%
476 Gianni Comandini FW 2 0 0
50%
155 Gianpaolo Bellini DF 29 0 2
50%
444 Giovanni Pasquale DF 4 0 0
50%
99 Giuliano Giannichedda MF 32 0 1
50%
510 Gustavo Lazzaretti DF 1 0 0
50%
511 Henok Goitom FW 1 1 0
50%
478 Ianis Zicu MF, FW 2 0 0
50%
63 Ivan Franceschini DF 34 3 0
50%
481 Ivone De Franceschi MF 2 0 0
50%
397 John Mensah DF 9 0 0
50%
514 Lampros Choutos MF, FW 1 0 0
50%
458 Luca Anania GK 3 0 0
50%
135 Luca Ariatti DF, MF 30 2 2
50%
517 Luca Mazzoni GK 1 0 0
50%
66 Luca Vigiani MF 34 3 4
50%
334 Luigi Piangerelli MF 15 0 0
50%
193 Manuele Blasi MF 27 0 1
50%
258 Marco Donadel MF 22 0 2
50%
422 Marco Ferrante FW 6 0 0
50%
242 Marco Malagò DF 23 0 1
50%
175 Marco Pisano DF 28 1 2
50%
70 Massimo Donati MF 34 1 2
50%
388 Massimo Ganci FW 10 0 0
50%
24 Massimo Gobbi DF, MF 36 3 5
50%
205 Massimo Loviso MF 26 1 0
50%
228 Massimo Maccarone FW 24 6 2
50%
370 Massimo Paci DF 12 1 0
50%
424 Matías Lequi DF 6 0 0
50%
48 Matteo Brighi MF 35 1 1
50%
14 Matteo Guardalben GK 37 0 0
50%
361 Mattia Graffiedi FW 13 0 0
50%
400 Mattia Marchesetti MF, FW 9 1 0
50%
164 Maurizio Domizzi DF 29 0 0
50%
206 Michele Pazienza MF 26 0 1
50%
335 Mirko Pieri DF, MF 15 0 0
50%
194 Nicola Mingazzini MF 27 0 2
50%
524 Nicola Santoni GK 1 0 0
50%
448 Paulinho FW 4 0 0
50%
439 Raffaele De Martino MF 5 0 0
50%
337 Ricardo Esteves DF, MF 15 1 1
50%
425 Riccardo Allegretti MF 6 0 0
50%
166 Roberto Baronio MF 29 1 2
50%
231 Roberto Guana MF 24 0 2
50%
326 Roberto Muzzi FW 16 3 2
50%
426 Salvatore D'Alterio DF 6 0 0
50%
196 Simone Pavan DF 27 0 0
50%
411 Stefano Bettarini DF 8 0 0
50%
530 Stefano Lorenzi DF 1 0 0
50%
121 Stefano Mauri MF, FW 31 5 2
50%
465 Takis Gonias MF 3 0 0
50%
276 Alessandro Potenza DF 20 0 0
25%
493 Alex Brunner GK 1 0 0
25%
105 Andrea Lazzari MF 31 1 2
25%
496 Andrea Masiello DF 1 0 0
25%
145 Andrea Sussi DF 29 1 1
25%
340 Cristian Raimondi DF, MF 14 0 0
25%
36 Daniele Bonera DF 35 0 2
25%
391 Daniele Capelli DF 9 0 0
25%
265 Daniele Delli Carri DF 21 0 0
25%
209 Daniele Portanova DF 25 4 0
25%
501 Drissa Diarra DF, MF 1 0 0
25%
323 Fabio Vignaroli MF, FW 16 0 0
25%
220 Federico Cossato FW 24 4 1
25%
392 Felice Piccolo DF 9 0 0
25%
474 Fernando Tissone MF 2 0 0
25%
406 Francesco Marianini MF 8 0 0
25%
84 Giacomo Tedesco MF 33 1 1
25%
21 Iacopo Balestri DF 36 0 3
25%
515 Leandro Greco MF 1 0 0
25%
432 Luca Fusco DF 5 0 0
25%
483 Luigi Turci GK 2 0 0
25%
520 Marek Hamšík MF 1 0 0
25%
446 Mario Lička MF 4 0 0
25%
423 Massimiliano Fusani MF 6 0 0
25%
318 Massimo Brambilla MF 17 0 1
25%
89 Max Tonetto DF, MF 33 5 6
25%
418 Michele Ferri DF 7 0 0
25%
50 Michele Marcolini MF 35 4 2
25%
347 Michele Mignani DF 14 0 0
25%
402 Nicola Legrottaglie DF 9 0 0
25%
437 Nicolás Córdova MF 5 0 1
25%
485 Sergio Marcon GK 2 0 0
25%
464 Simone Missiroli MF 3 0 0
25%
103 Tomas Locatelli MF, FW 32 3 4
25%
380 Alessandro Cucciari DF 10 0 1
0%
364 Alessandro Rosina MF 12 0 0
0%
374 Alfonso Camorani MF 11 0 1
0%
494 Andrea Briotti DF 1 0 0
0%
339 Christian Terlizzi DF 14 1 0
0%
236 Claudio Grauso MF 23 0 0
0%
34 Cristian Zenoni DF 35 0 1
0%
78 Damiano Zenoni DF, MF 33 0 1
0%
499 Davide Giorgino MF 1 0 0
0%
330 Davide Nicola DF 15 0 0
0%
472 Davide Possanzini MF, FW 2 0 0
0%
500 Davide Succi FW 1 0 0
0%
473 Dino Marino MF 2 0 0
0%
404 Duccio Innocenti DF 8 0 0
0%
503 Fabio Vignati 0 1 0 0
0%
475 Filippo Savi MF 2 0 0
0%
506 Gennaro Fragiello FW 1 0 0
0%
508 Giovanni Morabito DF 1 0 0
0%
414 Giuseppe Abruzzese DF 7 0 0
0%
132 Giuseppe Colucci MF 30 5 4
0%
509 Giuseppe Santoro GK 1 0 0
0%
512 Horacio Peralta MF, FW 1 0 0
0%
479 Ilyas Zeytulayev 0 2 0 0
0%
480 Italo Mattioli FW 2 0 0
0%
398 Jonatan Binotto MF 9 0 1
0%
457 Jonathan Bachini MF 3 0 0
0%
159 Leonardo Colucci MF 29 0 2
0%
369 Loris Del Nevo MF 12 0 0
0%
433 Luca Saudati MF, FW 5 0 0
0%
518 Luca Tedeschi DF 1 0 0
0%
416 Luigi Sartor DF 7 0 0
0%
346 Marcello Albino MF 14 0 1
0%
519 Marco Andreolli DF 1 0 0
0%
407 Marco Carparelli FW 8 0 0
0%
399 Marco Delvecchio FW 9 0 0
0%
459 Marco Roccati GK 3 0 0
0%
521 Marino Defendi DF, MF 1 0 0
0%
417 Matteo Serafini MF, FW 7 0 0
0%
523 Mattia Roselli 0 1 0 0
0%
371 Mirko Savini DF 12 0 0
0%
460 Moris Carrozzieri DF, FW 3 0 0
0%
372 Paolo Foglio DF 12 0 1
0%
525 Pietro Accardi DF 1 0 0
0%
484 Pietro Balistreri FW 2 0 0
0%
462 Rocco Sabato DF 3 0 0
0%
141 Salvatore Aronica DF 30 0 1
0%
486 Simone Eramo 0 2 0 0
0%
215 Stefano Torrisi DF 25 0 0
0%
531 Tijani Belaïd MF 1 0 0
0%
487 Viktor Budyanskiy MF 2 0 0
0%
532 Vincenzo Iacopino MF 1 0 0
0%
488 Vittorio Bernardo 0 2 0 0
0%
No matching quizzes found
Score Distribution
Percent of People with Each Score
Percentile by Number Answered
Your Score History
You have not taken this quiz